| 000 | 00448nab a2200145Ia 4500 | ||
|---|---|---|---|
| 003 | ES-SlBCS | ||
| 005 | 20210601125305.0 | ||
| 008 | 140529s2000 xxu||||| |||| 00| 0 eng d | ||
| 041 | _aeng | ||
| 100 | 1 |
_aHudson, Hud _9152563 |
|
| 245 | 0 | 0 |
_aUniversalism, Four Dimensionalism, and Vagueness _c Hud Hudson |
| 650 | 0 | 4 |
_aUniversalismo _9156329 |
| 773 | 0 |
_tPhilosophy and Phenomenological Research _gvol. 60, 2000, págs. 547-560 _wRev1411 |
|
| 942 | _cAR | ||
| 999 |
_c527916 _d527916 |
||